1620 1167 1109 1143 1655 1803 1080 1509 1682 1902 1087 1317 1706 1265 1030 1419 1404 1741 1881 1710 1262 1816 1619 1648 1129 1669 1109 1750 1175 1378 1259 1857 1384 1176 1482 1800 1398 1086 1941 1317 1282 1287 1972 1207 1052 1353 1382 1975 1808 1030 1036 1034 1446 1451 1856 1457 1755 1529 1781 1875 1321 1145 1438 1470 1271 1536 1332 1743 1692 1164 1963 1685 1366 1445 1951 1981 1547 1976 1246 1231 1948 1826 1339 1057 1763 1578 1844 1443 1477 1356 1207 1700 1463 1741 1122 1227 1740 1350 1621 BCNSPRNW ULIB Ver.6.0+V

เปลี่ยนเป็นภาษาไทย

Change to English
 แสดงรายละเอียดบรรณานุกรม
  กลับหน้าหลัก

Brief Record : Get Marc (ISO 2709) : E-mail record : QR code < ปิดหน้าต่าง
LEADER : 00000nam 2200000uu 4500
001    13399114054
003     ULIB
008    110627s||||||||th 000 0 tha d
020    9789749899236
090    นว.^bย731ค 2550
100 0  โยโคมิโซะ เซซิ
245 00 คินดะอิจิยอดนักสืบ ตอนที่ 2 หมู่บ้านแปดหลุมศพ/^cโยโคมิโซะ เซซิ
250    พิมพ์ครั้งที่ 9
260    กรุงเทพฯ :^bBLISS publishing,^c2553
300    488 หน้า
710 1  BLISS publishing
945    ^p235^l0^i022057
995    ทศพร
999 ^a ใช้งานได้ทุกระบบ
รายการนี้ยังไม่มีแท็ก
คุณยังไม่ได้ล็อกอิน คุณสามารถมีกิจกรรมร่วมกับเว็บไซต์ได้ แต่ต้องล็อกอินก่อน ::
  ล็อกอิน

รายการสื่อสารสนเทศ

ลำดับที่ ประเภท เลขเรียก/บาร์โค้ด สถานที่ สถานะ
1. นวนิยาย
นวนิยาย
นว. ย731ค 2550 ฉ.1 
  Barcode: 022057
ห้องสมุดวิทยาเขตสวรรค์ประชารักษ์
►นวนิยาย
บนชั้น
  ขอยืม

รายการใกล้เคียง
    ผู้แต่ง [โยโคมิโซะ เซซิ]

BibComment


ยังไม่เคยถูกคอมเมนท์

คอมเมนท์ทรัพยากรรายการนี้
  คอมเมนท์: คินดะอิจิยอดนักสื..


 Copyright 2026. Bcnsprnw @Library